Fr. Conceicao Rodrigues College of Engineering

Who will cry when you die? (Record no. 20263)

MARC details
000 -LEADER
fixed length control field 00288nam a2200145Ia 4500
100 ## - MAIN ENTRY--PERSONAL NAME
Personal name Robin Sharma
245 ## - TITLE STATEMENT
Title Who will cry when you die?
260 ## - PUBLICATION, DISTRIBUTION, ETC.
Name of publisher, distributor, etc. Penquin books
Date of publication, distribution, etc. 2003
366 ## - TRADE AVAILABILITY INFORMATION
Publishers's discount category 20
300 ## - PHYSICAL DESCRIPTION
Extent 225
546 ## - LANGUAGE NOTE
Language note ENGLISH
650 ## - SUBJECT ADDED ENTRY--TOPICAL TERM
Topical term or geographic name entry element General
942 ## - ADDED ENTRY ELEMENTS (KOHA)
Koha item type BOOK
Holdings
Withdrawn status Lost status Damaged status Not for loan Collection Home library Current library Date acquired Source of acquisition Cost, normal purchase price Inventory number Total Checkouts Full call number Barcode Date due Date last seen Date last checked out Cost, replacement price Price effective from Koha item type
        CRC Fr. Agnel's C.Rodrigues College of Engineering Fr. Agnel's C.Rodrigues College of Engineering 17/03/2023 Book Sense 132.00 92 dt 10/10/2008 3 19023 04/07/2026 24/06/2026 24/06/2026 165.00   BOOK